000 00893nam a2200265Ia 4500
003 OSt
005 20220923211001.0
006 a|||||r|||| 00| 0
007 ta
008 220922b |||||||| |||| 00| 0 hin d
020 _a8170163102 (hbk)
_c100
024 _a235,813
037 _b428, 04/03/2008, University Book House
_cTextual
040 _aARTS
_cARTS
_bhin
041 _2hin
_ahin
082 _aO152,1N35x, N6
100 _aविजेन्द्र
_9156838
245 0 _aउदित क्षितिज पर
246 _aUdit kṣhitij para
260 _aनयी दिल्ली
_b किताबघर
_c1996
300 _a142पृ.
_ccm.
650 _aहिन्दी साहित्य
_9156264
942 _hO152,1N35x, N6
_cTEXL
_2CC
999 _c293510
_d293510